[Event "BCF-chTb 1920 (4NCL)"]
[Site "Daventry"]
[Date "2020.02.29"]
[Round "1.81"]
[White "Rogers, Jonathan"]
[Black "Collins, Sam E"]
[Result "1/2-1/2"]
[WhiteElo "2335"]
[BlackElo "2446"]
[PlyCount "91"]
[EventDate "2019.11.09"]
[EventType "team-tourn"]
[EventRounds "11"]
[EventCountry "ENG"]
[SourceTitle "CBM 195 Extra"]
[Source "ChessBase"]
[SourceDate "2020.05.31"]
[SourceVersion "1"]
[SourceVersionDate "2020.05.31"]
[SourceQuality "1"]
[WhiteTeam "Barbican II"]
[BlackTeam "Gonzaga"]
[WhiteTeamCountry "ENG"]
[BlackTeamCountry "ENG"]

1. Nf3 Nf6 2. d4 g6 3. Bg5 Bg7 4. c3 0-0 5. Nbd2 d6 6. e4 c5 7. dxc5 dxc5 8. Bc4 Nc6 9. Qe2 Na5 10. Bd3 Be6 11. 0-0 Rc8 12. Rfd1 h6 13. Bf4 Nh5 14. Be3 Qc7 15. g3 Rfd8 16. Nh4 Nf6 17. Ng2 Ng4 18. Nf4 Nxe3 19. Nxe6 Qb6 20. Nxd8 Nxd1 21. Rxd1 Rxd8 22. Nf3 Nc6 23. Rd2 e6 24. Kg2 Rd6 25. h4 h5 26. Bc4 Na5 27. Bd3 Bh6 28. Rd1 Qd8 29. Bc2 Rxd1 30. Bxd1 a6 31. Bc2 Nc6 32. Kf1 Bc1 33. Bb1 Bh6 34. Ke1 Qd6 35. Qd3 Qxd3 36. Bxd3 Bc1 37. b3 Bh6 38. Be2 Kf8 39. Nd2 Bg7 40. Nb1 Ke7 41. Kd2 Na7 42. Na3 Nc8 43. Nc4 Nd6 44. Nxd6 Kxd6 45. Kd3 e5 46. Kc2 1/2-1/2

[Event "BCF-chTa 1920 (4NCL)"]
[Site "Daventry"]
[Date "2020.02.08"]
[Round "5.36"]
[White "Rogers, Jonathan"]
[Black "Ivell, Nicholas W"]
[Result "1/2-1/2"]
[WhiteElo "2335"]
[BlackElo "2177"]
[PlyCount "62"]
[EventDate "2019.11.09"]
[EventType "team-tourn"]
[EventRounds "11"]
[EventCountry "ENG"]
[SourceTitle "CBM 194 Extra"]
[Source "ChessBase"]
[SourceDate "2020.03.31"]
[SourceVersion "1"]
[SourceVersionDate "2020.03.31"]
[SourceQuality "1"]
[WhiteTeam "Barbican"]
[BlackTeam "Spirit of Atticus"]
[WhiteTeamCountry "ENG"]
[BlackTeamCountry "ENG"]

1. d4 d5 2. Nf3 e6 3. c4 c5 4. cxd5 exd5 5. g3 Nc6 6. Bg2 Nf6 7. 0-0 Be7 8. Nc3 0-0 9. Be3 c4 10. Ne5 Be6 11. Nxc4 dxc4 12. d5 Nxd5 13. Nxd5 Bd6 14. Qa4 Be5 15. Rad1 Rb8 16. Qxc4 Qa5 17. b4 Qa4 18. f4 Bd6 19. f5 Bxd5 20. Qxd5 Bxb4 21. f6 Rfd8 22. Qg5 g6 23. Bd5 Bf8 24. Rd2 Nb4 25. Bb3 Qc6 26. Rfd1 Rxd2 27. Rxd2 Re8 28. Bf2 Qc1+ 29. Kg2 Qc6+ 30. Kg1 Qc1+ 31. Kg2 Qc6+ 1/2-1/2

[Event "BCF-chT1c 1718 (4NCL) Promotion pool"]
[Site "England"]
[Date "2018.05.07"]
[Round "11.37"]
[White "Rogers, Jonathan"]
[Black "Duggan, Christopher"]
[Result "1-0"]
[WhiteElo "2340"]
[BlackElo "2027"]
[PlyCount "43"]
[EventDate "2017.01.11"]
[EventType "team-swiss"]
[EventRounds "11"]
[EventCountry "ENG"]
[SourceTitle "EXT 2019"]
[Source "ChessBase"]
[SourceDate "2018.10.10"]
[SourceVersion "1"]
[SourceVersionDate "2018.10.10"]
[SourceQuality "1"]
[WhiteTeam "Barbican"]
[BlackTeam "Oxford"]
[WhiteTeamCountry "ENG"]
[BlackTeamCountry "ENG"]

1. Nf3 d5 2. d4 Nc6 3. Bf4 Bg4 4. e3 e6 5. Be2 Bd6 6. Bg3 Nge7 7. Nbd2 0-0 8. c4 Nf5 9. Rc1 Re8 10. cxd5 exd5 11. Qb3 Bxf3 12. Nxf3 Bb4+ 13. Kf1 Qe7 14. a3 Ba5 15. Bd3 Nxg3+ 16. hxg3 g6 17. Qxb7 Rab8 18. Qxc6 Rxb2 19. Ne5 Reb8 20. Nd7 Qxa3 21. Bxg6 hxg6 22. Qf6 1-0

[Event "BCF-chT1b 1718 (4NCL)"]
[Site "England"]
[Date "2018.02.10"]
[Round "5.66"]
[White "Fitzsimons, David"]
[Black "Rogers, Jonathan"]
[Result "1-0"]
[WhiteElo "2337"]
[BlackElo "2340"]
[PlyCount "35"]
[EventDate "2017.11.11"]
[EventType "team-swiss"]
[EventRounds "11"]
[EventCountry "ENG"]
[SourceTitle "EXT 2019"]
[Source "ChessBase"]
[SourceDate "2018.10.10"]
[SourceVersion "1"]
[SourceVersionDate "2018.10.10"]
[SourceQuality "1"]
[WhiteTeam "Wood Green"]
[BlackTeam "Barbican"]
[WhiteTeamCountry "ENG"]
[BlackTeamCountry "ENG"]

1. e4 e5 2. Nf3 Nc6 3. Bc4 Be7 4. d4 exd4 5. c3 Nf6 6. e5 Ne4 7. Bd5 Nc5 8. cxd4 Ne6 9. Nc3 0-0 10. Be4 f5 11. exf6 Bxf6 12. d5 Nc5 13. dxc6 Bxc3+ 14. bxc3 Qe7 15. Qd5+ Kh8 16. Ba3 d6 17. Bxc5 Rf5 18. Qd3 1-0

[Event "BCF-chT1a 1718 (4NCL)"]
[Site "England"]
[Date "2018.01.13"]
[Round "3.15"]
[White "Rogers, Jonathan"]
[Black "Fernandez, Daniel Howard"]
[Result "1/2-1/2"]
[WhiteElo "2340"]
[BlackElo "2496"]
[PlyCount "95"]
[EventDate "2017.11.11"]
[EventType "team-swiss"]
[EventRounds "11"]
[EventCountry "ENG"]
[SourceTitle "EXT 2019"]
[Source "ChessBase"]
[SourceDate "2018.10.10"]
[SourceVersion "1"]
[SourceVersionDate "2018.10.10"]
[SourceQuality "1"]
[WhiteTeam "Barbican II"]
[BlackTeam "Guildford"]
[WhiteTeamCountry "ENG"]
[BlackTeamCountry "ENG"]

1. e4 g6 2. d4 Bg7 3. Nc3 d5 4. exd5 Nf6 5. Bc4 Nbd7 6. Nf3 Nb6 7. Bb3 a5 8. Na4 Nbxd5 9. c4 Nb4 10. a3 Na6 11. 0-0 0-0 12. h3 c6 13. Nc3 Nc7 14. Re1 b5 15. Ne5 Bb7 16. c5 Nfd5 17. Qf3 Ne6 18. Bxd5 cxd5 19. c6 Nxd4 20. Qxd5 Ba6 21. Nd7 e6 22. Qe4 f5 23. Qf4 e5 24. Rxe5 Nxc6 25. Rd5 Re8 26. Be3 Qe7 27. Nc5 Bc8 28. Nxb5 Bxb2 29. Rb1 Be5 30. Qc4 Qf7 31. Rc1 Be6 32. Nxe6 Rxe6 33. Rc5 Ne7 34. Nc7 Bxc7 35. Rxc7 Re4 36. Qxf7+ Kxf7 37. Rb1 Rc8 38. Ra7 f4 39. Bd2 Ke6 40. Rb6+ Nc6 41. Rxa5 Rc4 42. Rba6 h6 43. Ra4 Rxa4 44. Rxa4 g5 45. Bc3 Rc7 46. Re4+ Kd5 47. f3 Ne7 48. h4 1/2-1/2

[Event "BCF-chT1a 1718 (4NCL)"]
[Site "England"]
[Date "2017.11.11"]
[Round "1.31"]
[White "Alsina Leal, Daniel"]
[Black "Rogers, Jonathan"]
[Result "1-0"]
[WhiteElo "2507"]
[BlackElo "2340"]
[PlyCount "75"]
[EventDate "2017.11.11"]
[EventType "team-swiss"]
[EventRounds "11"]
[EventCountry "ENG"]
[SourceTitle "CBM 181 Extra"]
[Source "ChessBase"]
[SourceDate "2017.12.12"]
[SourceVersion "1"]
[SourceVersionDate "2017.12.12"]
[SourceQuality "1"]
[WhiteTeam "White Rose"]
[BlackTeam "Barbican II"]
[WhiteTeamCountry "ENG"]
[BlackTeamCountry "ENG"]

1. e4 g6 2. d4 Bg7 3. Nc3 c6 4. h3 d5 5. Nf3 Nf6 6. e5 Ne4 7. Nxe4 dxe4 8. Ng5 c5 9. d5 Bxe5 10. Nxe4 Bf5 11. Ng3 Bc8 12. Be2 Nd7 13. 0-0 Nb6 14. Bf3 Qc7 15. Re1 0-0 16. Qe2 f6 17. Bh6 Re8 18. Rad1 e6 19. Ne4 Bd7 20. d6 Qc8 21. Be3 c4 22. Nc5 Rb8 23. Nxd7 Nxd7 24. c3 b6 25. Rd2 f5 26. g3 Bg7 27. Red1 Kh8 28. Bg2 e5 29. Bg5 e4 30. f3 exf3 31. Qxf3 Ne5 32. Qd5 Qd7 33. Re2 Rbc8 34. Qb7 Qxb7 35. Bxb7 Rb8 36. d7 Red8 37. Bxd8 Rxd8 38. Rd5 1-0

[Event "BCF-chT1d 1617 (4NCL) Demotion pool"]
[Site "England"]
[Date "2017.04.30"]
[Round "10.62"]
[White "Maciol, Ryszard"]
[Black "Rogers, Jonathan"]
[Result "1/2-1/2"]
[WhiteElo "2118"]
[BlackElo "2296"]
[PlyCount "50"]
[EventDate "2016.11.19"]
[EventType "team-tourn"]
[EventRounds "4"]
[EventCountry "ENG"]
[SourceTitle "EXT 2018"]
[Source "ChessBase"]
[SourceDate "2017.10.13"]
[SourceVersion "1"]
[SourceVersionDate "2017.10.13"]
[SourceQuality "1"]
[WhiteTeam "Celtic Tigers"]
[BlackTeam "Barbican II"]
[WhiteTeamCountry "ENG"]
[BlackTeamCountry "ENG"]

1. d4 Nf6 2. c4 e6 3. Nc3 Bb4 4. e3 0-0 5. Bd3 d5 6. Nf3 Re8 7. 0-0 Nc6 8. a3 Bxc3 9. bxc3 Na5 10. cxd5 exd5 11. Nd2 c5 12. dxc5 Qc7 13. Qc2 Qxc5 14. c4 dxc4 15. Nxc4 Nxc4 16. Qxc4 Qe5 17. Rb1 Ng4 18. Qf4 Qxf4 19. exf4 Rd8 20. Be4 Rb8 21. Bb2 b6 22. f3 Ne3 23. Be5 Nxf1 24. Bxb8 Nd2 25. Rd1 Bf5 1/2-1/2

[Event "BCF-chT1c 1617 (4NCL) Promotion pool"]
[Site "England"]
[Date "2017.04.29"]
[Round "9.38"]
[White "Rogers, Jonathan"]
[Black "Milliet, Sophie"]
[Result "1-0"]
[WhiteElo "2296"]
[BlackElo "2387"]
[PlyCount "77"]
[EventDate "2016.11.19"]
[EventType "team-tourn"]
[EventRounds "4"]
[EventCountry "ENG"]
[SourceTitle "EXT 2018"]
[Source "ChessBase"]
[SourceDate "2017.10.13"]
[SourceVersion "1"]
[SourceVersionDate "2017.10.13"]
[SourceQuality "1"]
[WhiteTeam "Barbican"]
[BlackTeam "Guildford"]
[WhiteTeamCountry "ENG"]
[BlackTeamCountry "ENG"]

1. e4 c5 2. Nf3 d6 3. Bc4 Nf6 4. d3 Nc6 5. a3 g6 6. 0-0 Bg7 7. Nc3 0-0 8. h3 a6 9. Bg5 h6 10. Be3 b5 11. Ba2 Bb7 12. Qd2 Kh7 13. Rae1 e5 14. Nh2 g5 15. Ne2 Nd4 16. Ng3 d5 17. f3 Ne6 18. Nf5 d4 19. Bf2 Nf4 20. Ng4 N6h5 21. Nxg7 Kxg7 22. Nxe5 f5 23. exf5 Rxf5 24. c3 Qd6 25. Ng4 Nxg2 26. Re6 Qd8 27. Nxh6 Rf8 28. Qe2 Ngf4 29. Qe5+ Kh7 30. Ng4 Nxe6 31. Qxe6 Nf6 32. Qf5+ Kh8 33. Ne5 Bc8 34. Qxg5 Rg8 35. Bxg8 Qxg8 36. h4 Bh3 37. Re1 Ra7 38. Kh2 Bc8 39. Qxf6+ 1-0

[Event "BCF-chT1b 1617 (4NCL)"]
[Site "England"]
[Date "2017.03.04"]
[Round "7.81"]
[White "Rogers, Jonathan"]
[Black "Martins, David Pires Tavares"]
[Result "1-0"]
[WhiteElo "2296"]
[BlackElo "2383"]
[PlyCount "119"]
[EventDate "2016.11.19"]
[EventType "team-tourn"]
[EventRounds "7"]
[EventCountry "ENG"]
[SourceTitle "EXT 2018"]
[Source "ChessBase"]
[SourceDate "2017.10.13"]
[SourceVersion "1"]
[SourceVersionDate "2017.10.13"]
[SourceQuality "1"]
[WhiteTeam "Barbican II"]
[BlackTeam "Oxford"]
[WhiteTeamCountry "ENG"]
[BlackTeamCountry "ENG"]

1. Nf3 f5 2. d4 Nf6 3. g3 d6 4. Bg2 g6 5. 0-0 Bg7 6. c4 0-0 7. Nc3 c6 8. Rb1 Na6 9. b4 Nc7 10. Qb3 Bd7 11. Rd1 Qe8 12. c5+ Be6 13. Qa3 a6 14. Ng5 Bc4 15. Qb2 h6 16. Nf3 Ncd5 17. Nxd5 Bxd5 18. Ne1 g5 19. f3 Qg6 20. Qc2 Rae8 21. g4 Be6 22. Rb2 Kh7 23. gxf5 Bxf5 24. e4 Bd7 25. Nd3 Nh5 26. Be3 Nf4 27. Nxf4 gxf4 28. Bc1 h5 29. Qf2 a5 30. cxd6 exd6 31. bxa5 Rf7 32. Kh1 Rg8 33. Rg1 Qf6 34. Rd2 d5 35. e5 Qd8 36. Bf1 Bh6 37. Bd3+ Kh8 38. Rxg8+ Qxg8 39. Qh4 Rg7 40. Rd1 Qf7 41. Qf6 Qxf6 42. exf6 Rf7 43. Bg6 Rxf6 44. Bxh5 Bf8 45. Bd2 Bd6 46. Rb1 Rh6 47. Bg4 Bxg4 48. fxg4 Rh7 49. Kg2 f3+ 50. Kxf3 Rxh2 51. Bf4 Bxf4 52. Kxf4 Rxa2 53. Rxb7 Rxa5 54. Rc7 Ra4 55. Ke5 Rc4 56. g5 Kg8 57. Kf6 Rxd4 58. Rc8+ Kh7 59. g6+ Kh6 60. Rh8# 1-0

[Event "BCF-chT1b 1516 (4NCL)"]
[Site "England"]
[Date "2016.02.14"]
[Round "6.165"]
[White "Townsend, M Paul"]
[Black "Rogers, Jonathan"]
[Result "1/2-1/2"]
[WhiteElo "2250"]
[BlackElo "2294"]
[PlyCount "82"]
[EventDate "2015.11.14"]
[EventType "team-swiss"]
[EventRounds "11"]
[EventCountry "ENG"]
[SourceTitle "CBM 170 Extra"]
[Source "ChessBase"]
[SourceDate "2016.02.25"]
[SourceVersion "1"]
[SourceVersionDate "2016.02.25"]
[SourceQuality "1"]
[WhiteTeam "White Rose"]
[BlackTeam "Barbican II"]
[WhiteTeamCountry "ENG"]
[BlackTeamCountry "ENG"]

1. d4 d5 2. Nf3 e6 3. c4 Nf6 4. g3 Bb4+ 5. Bd2 Be7 6. Bg2 0-0 7. 0-0 c6 8. Qc2 b6 9. Rd1 Bb7 10. Bf4 Nh5 11. Bc1 f5 12. b3 Nd7 13. Bb2 Rc8 14. Nc3 Qe8 15. e3 Nhf6 16. Ne2 Ne4 17. Nf4 Bd6 18. Ne5 Nxe5 19. dxe5 Bc5 20. Nd3 Be7 21. Nf4 Qf7 22. f3 Nc5 23. b4 Nd7 24. Qa4 g5 25. Ne2 Nb8 26. Qxa7 Bxb4 27. Qxb6 Qe7 28. cxd5 exd5 29. Nd4 c5 30. Qe6+ Qxe6 31. Nxe6 Rfe8 32. Nxg5 c4 33. a3 Be7 34. Nh3 c3 35. Bc1 c2 36. Rd3 Ba6 37. Rxd5 Nc6 38. f4 Rb8 39. Ra2 Rb1 40. Rxc2 Bxa3 41. Rd1 Rd8 1/2-1/2

[Event "BCF-chT2a 1516 (4NCL)"]
[Site "England"]
[Date "2016.01.24"]
[Round "4.211"]
[White "Pitcher, John"]
[Black "Rogers, Jonathan"]
[Result "0-1"]
[WhiteElo "2245"]
[BlackElo "2280"]
[PlyCount "104"]
[EventDate "2015.11.14"]
[EventType "team-tourn"]
[EventRounds "7"]
[EventCountry "ENG"]
[SourceTitle "CBM 170 Extra"]
[Source "ChessBase"]
[SourceDate "2016.02.25"]
[SourceVersion "1"]
[SourceVersionDate "2016.02.25"]
[SourceQuality "1"]
[WhiteTeam "Warwicks Select"]
[BlackTeam "Barbican Youth"]
[WhiteTeamCountry "ENG"]
[BlackTeamCountry "ENG"]

1. e4 e5 2. Bc4 Nf6 3. d3 c6 4. Nf3 Be7 5. 0-0 d6 6. Bb3 0-0 7. Re1 Be6 8. c3 Bxb3 9. Qxb3 Qb6 10. Qc2 Nbd7 11. d4 Rfe8 12. Nbd2 Bf8 13. Nf1 exd4 14. cxd4 d5 15. e5 Ne4 16. Ng3 Nxg3 17. hxg3 c5 18. Be3 Rac8 19. Qf5 Qe6 20. Qd3 c4 21. Qc2 Qg6 22. Qe2 Qg4 23. Qc2 b5 24. Ng5 g6 25. Nh3 Nb6 26. Kh2 Qf5 27. Qe2 Rc6 28. g4 Qd7 29. g5 Rec8 30. Rac1 a6 31. f3 c3 32. b3 c2 33. Nf2 h5 34. Nd3 Ba3 35. Ra1 Qe7 36. f4 Qe6 37. Bc1 Bxc1 38. Raxc1 Qf5 39. Qd2 a5 40. Nc5 Nd7 41. Rxc2 Nxc5 42. dxc5 Rxc5 43. Rxc5 Rxc5 44. Re2 b4 45. Kg1 h4 46. e6 fxe6 47. Qe3 Rc6 48. Re1 Qf8 49. Qe5 Qc5+ 50. Kh1 Qc3 51. Qe2 h3 52. Rd1 Qg3 0-1

[Event "BCF-chT1d 1415 (4NCL) Demotion pool"]
[Site "England"]
[Date "2015.05.03"]
[Round "10.153"]
[White "Rogers, Jonathan"]
[Black "Pert, Richard G"]
[Result "1/2-1/2"]
[WhiteElo "2284"]
[BlackElo "2443"]
[PlyCount "68"]
[EventDate "2014.11.15"]
[EventType "team-tourn"]
[EventRounds "4"]
[EventCountry "ENG"]
[SourceTitle "EXT 2023"]
[Source "ChessBase"]
[SourceDate "2022.10.05"]
[SourceVersion "1"]
[SourceVersionDate "2022.10.05"]
[SourceQuality "1"]
[WhiteTeam "Barbican II"]
[BlackTeam "Wood Green"]
[WhiteTeamCountry "ENG"]
[BlackTeamCountry "ENG"]

1. d4 d5 2. Nf3 Nf6 3. c4 e6 4. g3 dxc4 5. Bg2 Bd7 6. Ne5 Bc6 7. Nxc6 Nxc6 8. Qa4 Qd7 9. Qxc4 0-0-0 10. e3 Nd5 11. Nc3 f5 12. 0-0 h5 13. Bd2 h4 14. b4 hxg3 15. hxg3 Bxb4 16. Rab1 Bxc3 17. Bxc3 g5 18. Qb3 Qd6 19. Rfc1 Kd7 20. Bd2 Rb8 21. Rc5 b6 22. Rc2 Nce7 23. Qa4+ c6 24. Qxa7+ Qc7 25. Qxc7+ Kxc7 26. Rbc1 Kd7 27. f3 f4 28. e4 Ne3 29. Bxe3 fxe3 30. Re1 c5 31. dxc5 Nc6 32. Rxe3 Nd4 33. c6+ Kc7 34. Rd2 e5 1/2-1/2

[Event "BCF-chT1c 1415 (4NCL) Promotion pool"]
[Site "England"]
[Date "2015.05.02"]
[Round "9.117"]
[White "Eckersley Waites, Tom"]
[Black "Rogers, Jonathan"]
[Result "1-0"]
[WhiteElo "2299"]
[BlackElo "2284"]
[PlyCount "59"]
[EventDate "2014.11.15"]
[EventType "team-tourn"]
[EventRounds "4"]
[EventCountry "ENG"]
[SourceTitle "EXT 2023"]
[Source "ChessBase"]
[SourceDate "2022.10.05"]
[SourceVersion "1"]
[SourceVersionDate "2022.10.05"]
[SourceQuality "1"]
[WhiteTeam "Oxford"]
[BlackTeam "Barbican"]
[WhiteTeamCountry "ENG"]
[BlackTeamCountry "ENG"]

1. e4 e6 2. d4 d5 3. e5 c5 4. c3 Nc6 5. Nf3 Bd7 6. Be2 Nge7 7. Na3 Nf5 8. Nc2 cxd4 9. cxd4 Nb4 10. Ne3 Nxe3 11. fxe3 Rc8 12. 0-0 Be7 13. Ne1 0-0 14. Bd2 Qb6 15. Bxb4 Qxb4 16. Nd3 Qa4 17. Qe1 Bb5 18. Nf4 Bg5 19. Bd1 Qa6 20. Rf3 Rc7 21. Nh5 Bh6 22. Qh4 Be2 23. Nf6+ Kh8 24. Bxe2 Qxe2 25. Ng4 Rfc8 26. h3 Qxb2 27. Raf1 Rc2 28. Rxf7 Rxg2+ 29. Kh1 Kg8 30. Qe7 1-0

[Event "4NCL-chT rapid"]
[Site "Daventry"]
[Date "2014.10.04"]
[Round "5.3"]
[White "Richardt, Mike"]
[Black "Rogers, Jonathan"]
[Result "0-1"]
[WhiteElo "1975"]
[BlackElo "2297"]
[PlyCount "78"]
[EventDate "2014.10.04"]
[EventType "team-swiss (rapid)"]
[EventRounds "7"]
[EventCountry "ENG"]
[SourceTitle "CBM 162 Extra"]
[Source "ChessBase"]
[SourceDate "2014.10.17"]
[SourceVersion "1"]
[SourceVersionDate "2014.10.17"]
[SourceQuality "1"]
[WhiteTeam "West is Best"]
[BlackTeam "Barbican"]
[WhiteTeamCountry "ENG"]
[BlackTeamCountry "ENG"]

1. d4 d5 2. Nf3 Nf6 3. c4 e6 4. e3 Bb4+ 5. Nc3 0-0 6. Qc2 c5 7. dxc5 Nbd7 8. Bd2 Bxc5 9. Be2 dxc4 10. Bxc4 a6 11. Ne4 Nxe4 12. Qxe4 Nf6 13. Qh4 b5 14. Be2 Bb7 15. Rd1 Ne4 16. 0-0 Qxh4 17. Nxh4 Bd5 18. b3 Rac8 19. Bf3 Be7 20. Bxe4 Bxe4 21. Nf3 Rc2 22. a4 Rb2 23. axb5 axb5 24. Bc1 Ra2 25. Rd7 Bf6 26. Nd4 b4 27. f3 Bd5 28. Rc7 h6 29. h3 Rb8 30. Rf2 Ra1 31. f4 Bxd4 32. exd4 Bxb3 33. Kh2 Bd5 34. f5 exf5 35. Rxf5 Be6 36. Re5 Rd8 37. Bb2 Ra2 38. Bc1 Rxd4 39. Rb5 b3 0-1

[Event "BCF-chT1a 1314 (4NCL)"]
[Site "England"]
[Date "2014.03.22"]
[Round "7.136"]
[White "Rogers, Jonathan"]
[Black "Lewis, Alex"]
[Result "1/2-1/2"]
[WhiteElo "2307"]
[BlackElo "2177"]
[PlyCount "83"]
[EventDate "2013.11.16"]
[EventType "team-tourn"]
[EventRounds "7"]
[EventCountry "ENG"]
[SourceTitle "EXT 2015"]
[Source "ChessBase"]
[SourceDate "2014.11.20"]
[SourceVersion "1"]
[SourceVersionDate "2014.11.20"]
[SourceQuality "1"]
[WhiteTeam "Barbican II"]
[BlackTeam "Kings Head"]
[WhiteTeamCountry "ENG"]
[BlackTeamCountry "ENG"]

1. d4 Nf6 2. Nf3 g6 3. Bg5 Bg7 4. Nbd2 d6 5. e4 0-0 6. c3 h6 7. Bh4 Nc6 8. Bc4 e5 9. dxe5 Nxe5 10. Nxe5 dxe5 11. 0-0 Qe7 12. Qe2 Be6 13. Rfd1 Rad8 14. Nf1 c6 15. b4 b5 16. Bxe6 Qxe6 17. f3 Rd7 18. Rxd7 Nxd7 19. a4 a6 20. a5 Rc8 21. Rd1 Bf6 22. Bg3 Nf8 23. Ne3 h5 24. Be1 Qe7 25. Qd3 Rd8 26. Qxd8 Qxd8 27. Rxd8 Bxd8 28. Kf2 Ne6 29. g3 Bg5 30. Nd1 Kf8 31. Ke2 Ke7 32. Kd3 Kd7 33. h4 Bh6 34. Bf2 Bf8 35. Ne3 Bh6 36. Nc2 Nc7 37. Ke2 Ne8 38. Ne1 Ke6 39. Nd3 Bf8 40. f4 Nf6 41. Kf3 Nd7 42. Ke2 1/2-1/2

[Event "BCF-chT1a 1314 (4NCL)"]
[Site "England"]
[Date "2014.02.16"]
[Round "6.121"]
[White "Greet, Andrew"]
[Black "Rogers, Jonathan"]
[Result "1-0"]
[WhiteElo "2426"]
[BlackElo "2307"]
[PlyCount "99"]
[EventDate "2013.11.16"]
[EventType "team-tourn"]
[EventRounds "7"]
[EventCountry "ENG"]
[SourceTitle "EXT 2015"]
[Source "ChessBase"]
[SourceDate "2014.11.20"]
[SourceVersion "1"]
[SourceVersionDate "2014.11.20"]
[SourceQuality "1"]
[WhiteTeam "Wood Green Hilsmark II"]
[BlackTeam "Barbican II"]
[WhiteTeamCountry "ENG"]
[BlackTeamCountry "ENG"]

1. d4 d5 2. c4 e5 3. dxe5 d4 4. Nf3 Nc6 5. a3 Be6 6. Nbd2 Nge7 7. Nb3 Nf5 8. Qd3 a5 9. Bf4 a4 10. g4 Nh4 11. Nbxd4 Nxf3+ 12. Nxf3 Qxd3 13. exd3 Bxg4 14. Bg2 0-0-0 15. 0-0-0 Bc5 16. Be3 Bxf3 17. Bxf3 Nxe5 18. Be4 Bd4 19. Rhe1 f6 20. Kc2 g6 21. Bd5 Bxe3 22. Rxe3 c6 23. Be6+ Kc7 24. f4 Rhe8 25. Bh3 Nf7 26. Rde1 Rxe3 27. Rxe3 f5 28. Kc3 Kd6 29. d4 b6 30. Bg2 Rd7 31. Kb4 Nd8 32. d5 cxd5 33. Bxd5 Nc6+ 34. Kb5 Ne7 35. Re6+ Kc7 36. Bc6 Nxc6 37. Rxc6+ Kd8 38. Kxa4 Rd4 39. Kb5 Rxf4 40. Rxb6 Rf2 41. b4 Rxh2 42. c5 g5 43. Rf6 Rf2 44. c6 Ke7 45. c7 Kd7 46. Rf7+ Kc8 47. Kb6 Rc2 48. Rxf5 g4 49. Rf8+ Kd7 50. Rd8+ 1-0

[Event "BCF-chT1a 1314 (4NCL)"]
[Site "England"]
[Date "2013.11.17"]
[Round "2.123"]
[White "Williams, Simon Kim"]
[Black "Rogers, Jonathan"]
[Result "1-0"]
[WhiteElo "2455"]
[BlackElo "2307"]
[PlyCount "45"]
[EventDate "2013.11.16"]
[EventType "team-tourn"]
[EventRounds "7"]
[EventCountry "ENG"]
[SourceTitle "EXT 2015"]
[Source "ChessBase"]
[SourceDate "2014.11.20"]
[SourceVersion "1"]
[SourceVersionDate "2014.11.20"]
[SourceQuality "1"]
[WhiteTeam "Cheddleton"]
[BlackTeam "Barbican II"]
[WhiteTeamCountry "ENG"]
[BlackTeamCountry "ENG"]

1. d4 d5 2. c4 e5 3. e3 Nc6 4. Nc3 Bb4 5. Nf3 Bg4 6. Be2 exd4 7. exd4 dxc4 8. d5 Bxc3+ 9. bxc3 Bxf3 10. gxf3 Ne5 11. Ba3 Ne7 12. Qd4 Qxd5 13. Bxe7 Qe6 14. 0-0-0 Qxe7 15. f4 Ng6 16. Qxg7 f6 17. Qh6 Qa3+ 18. Kb1 Qxc3 19. Bxc4 Qxc4 20. Rhe1+ Ne7 21. Rxe7+ Kxe7 22. Qg7+ Qf7 23. Re1+ 1-0

[Event "4NCL-chT rapid"]
[Site "Daventry"]
[Date "2013.10.05"]
[Round "7.3"]
[White "Hodgson, John H"]
[Black "Rogers, Jonathan"]
[Result "1/2-1/2"]
[WhiteElo "2150"]
[BlackElo "2307"]
[PlyCount "36"]
[EventDate "2013.10.05"]
[EventType "team-swiss (rapid)"]
[EventRounds "7"]
[EventCountry "ENG"]
[SourceTitle "CBM 156 Extra"]
[Source "ChessBase"]
[SourceDate "2013.10.22"]
[SourceVersion "1"]
[SourceVersionDate "2013.10.22"]
[SourceQuality "1"]
[WhiteTeam "Barbican II"]
[BlackTeam "Barbican"]
[WhiteTeamCountry "ENG"]
[BlackTeamCountry "ENG"]

1. e4 d5 2. exd5 Nf6 3. Nf3 Nxd5 4. d4 g6 5. c4 Nb6 6. c5 Nd5 7. Bc4 Bg7 8. Nc3 c6 9. 0-0 0-0 10. Re1 b6 11. cxb6 Nxc3 12. bxc3 axb6 13. Bg5 Bf6 14. Bh6 Bg7 15. Bg5 Ra7 16. Qe2 Bf6 17. Bh6 Bg7 18. Bg5 Ra8 1/2-1/2

[Event "4NCL-chT rapid"]
[Site "Daventry"]
[Date "2013.10.05"]
[Round "2.7"]
[White "Rogers, Jonathan"]
[Black "Chan, Nevil"]
[Result "1-0"]
[WhiteElo "2307"]
[BlackElo "2027"]
[PlyCount "98"]
[EventDate "2013.10.05"]
[EventType "team-swiss (rapid)"]
[EventRounds "7"]
[EventCountry "ENG"]
[SourceTitle "CBM 156 Extra"]
[Source "ChessBase"]
[SourceDate "2013.10.22"]
[SourceVersion "1"]
[SourceVersionDate "2013.10.22"]
[SourceQuality "1"]
[WhiteTeam "Barbican"]
[BlackTeam "CSC"]
[WhiteTeamCountry "ENG"]
[BlackTeamCountry "ENG"]

1. d4 Nc6 2. Nf3 d5 3. g3 Bg4 4. Nbd2 Nf6 5. Bg2 e6 6. 0-0 Bd6 7. c4 0-0 8. Qc2 Bf5 9. Qa4 Qd7 10. b3 Nb4 11. Qxd7 Nxd7 12. Bb2 Nf6 13. Nh4 Bg6 14. a3 Na6 15. Rac1 c6 16. Rfe1 Rad8 17. Nxg6 hxg6 18. b4 Nc7 19. Nb3 dxc4 20. Rxc4 Nb5 21. Na5 Rb8 22. e4 Nd7 23. e5 Be7 24. Nxb7 Nb6 25. Rcc1 Rxb7 26. Bxc6 Rfb8 27. Bxb5 Nd5 28. Bc6 Rb6 29. Bxd5 exd5 30. Rc7 R8b7 31. Rec1 a5 32. Rc8+ Kh7 33. Re8 axb4 34. Rcc8 g5 35. axb4 Bxb4 36. Bc1 Kg6 37. h3 Kf5 38. Be3 Ke4 39. Rc1 Kf3 40. Bxg5 Ba5 41. Ra8 Rb5 42. Rac8 Rb2 43. Be3 Bd2 44. Bxd2 Rxd2 45. Re1 Rb3 46. e6 Rxf2 47. exf7 Kxg3 48. f8Q Rg2+ 49. Kf1 Rb5 1-0